Fr. Conceicao Rodrigues College of Engineering

Big data (Record no. 28427)

MARC details
000 -LEADER
fixed length control field 00288nam a2200157Ia 4500
082 ## - DEWEY DECIMAL CLASSIFICATION NUMBER
Item number DEA
100 ## - MAIN ENTRY--PERSONAL NAME
Personal name Dean/Jared
245 ## - TITLE STATEMENT
Title Big data
260 ## - PUBLICATION, DISTRIBUTION, ETC.
Name of publisher, distributor, etc. Wiley
Date of publication, distribution, etc. 2014
366 ## - TRADE AVAILABILITY INFORMATION
Publishers's discount category 10
300 ## - PHYSICAL DESCRIPTION
Extent 265
546 ## - LANGUAGE NOTE
Language note ENGLISH
650 ## - SUBJECT ADDED ENTRY--TOPICAL TERM
Topical term or geographic name entry element Big data
654 ## - SUBJECT ADDED ENTRY--FACETED TOPICAL TERMS
Focus term big data
942 ## - ADDED ENTRY ELEMENTS (KOHA)
Koha item type Reference Book
Holdings
Withdrawn status Lost status Damaged status Not for loan Collection Home library Current library Date acquired Source of acquisition Cost, normal purchase price Inventory number Total Checkouts Full call number Barcode Date last seen Cost, replacement price Price effective from Koha item type
        CRC Fr. Agnel's C.Rodrigues College of Engineering Fr. Agnel's C.Rodrigues College of Engineering 17/03/2023 Readers World 4428.00 325 dt 30.07.2022   DEA 25909 17/03/2023 4920.00   Reference Book